Cl- Vocabulary - Statistics

General Stats
  • This quiz has been taken 27 times
  • The average score is 35 of 50
Answer Stats
Hint Answer % Correct
To strike your palms together to make a sound. Clap
96%
Opposite of dirty. Clean
96%
A device used for telling the time of the day. Clock
96%
Opposite of open. Close
96%
If you find one of these with four leaves, it is a sign of good luck. Clover
96%
An entertainer that wears face paint and colorful clothing, while acting silly and nonsensical. Clown
96%
To assert something as either your own, or as being true. Claim
92%
A woodwind instrument that is usually black in color. Clarinet
92%
A group of students who meet daily to study a subject. Class
92%
A material used for making pottery or bricks. Clay
92%
The general weather conditions of an area over a long period of time. Climate
92%
An object used to keep two objects together in place, most notably paper. Clip
92%
Some predators have these sharp things on their hands and feet, to climb or to kill prey. Claw
88%
The highest and most intense point of a speech or story. Climax
88%
To move up an incline using hands and feet. Climb
88%
Condensed water vapor you can see in the sky. Cloud
88%
A bivalve mollusc known to sometimes have pearls in them. Clam
83%
A symbol found in the beginning of a music staff, which indicates the pitch of the notes. Clef
83%
A small room where clothes are kept. Closet
83%
The body creates these to stop bleeding from damaged blood vessels. Clot
83%
Detectives use these to help solve mysteries. Clue
83%
A lack of ability to handle things with care or steadiness. Clumsy
83%
A group of people united by descent from a common ancestor. Clan
79%
Can mean easy to perceive, transparent, or to remove an unwanted object from somewhere. Clear
79%
A duplicate of someone or something else. Clone
79%
To tightly grasp something with your hand. Clasp
75%
Someone using the services of a company or lawyer. Client
75%
A facility of a hospital that treats outpatients with medication or advice. Clinic
75%
Woven fabric used to make blankets, quilts, and attire. Cloth
75%
A body of people ordained for religious duties by the Christian Church. Clergy
71%
To make something more easier to understand by simpler explanation. Clarify
67%
To select an option on a digital platform, by touching the screen or pressing a button. Click
67%
The noise that a chicken makes. Cluck
67%
To be intelligent, or quick to learn. Clever
63%
A big red dog, who is also a children's book character. Clifford
63%
To arrange objects based on characteristics or properties. Classify
58%
To strongly hold onto something. Cling
58%
An organization of people that meet regularly over a united goal or interest. Club
58%
The ability to see things into the future, or beyond regular human capability. Clairvoyance
54%
A priest, or religious leader. Cleric
42%
A sleeveless garment that covers most of the body. Cloak
42%
Something awkward, slow, and heavy in style. Clunky
33%
Nonsensical talking that sounds pretentious. Claptrap
29%
The quality of being exceptional and timeless in value over the course of many years. Classic
29%
An informal term for a stupid person. Clod
29%
The accumulation of matter that results in the blockage of a path. Clog
29%
A group of similar things located or occurring closely together in a bunch. Cluster
29%
A flat object used to hold paper in place for writing. Clipboard
25%
The name of the orange ghost in Pac-Man. Clyde
25%
A wooden object you would use to hang washed clothes outside to dry. Clothespin
21%
No matching quizzes found
Score Distribution
Percent of People with Each Score
Percentile by Number Answered
Your Score History
You have not taken this quiz